Spell the Marvel Character #347 - Statistics

General Stats
  • This quiz has been taken 14 times
  • The average score is 7 of 10
Answer Stats
Picture Answer % Correct
Iron Man
93%
America Chavez
86%
Howard the Duck
86%
Spider-Woman
86%
Gamora
79%
Redwing
64%
Reptil
57%
Shark-Girl
57%
Kahhori
50%
Longshot
50%
No matching quizzes found
Score Distribution
Percent of People with Each Score
Percentile by Number Answered
Your Score History
You have not taken this quiz